000 01091cab a2200253 4500
001 ABS57694
008 090401t1997 xxu||||| |||| 00| 0 eng d
035 _a(Sirsi) u81232
041 _aeng
100 _aReynolds, P.
245 _aContract warfare
260 _c1997
350 _a0
490 _aContract Journal
_v390(6143) 17 September 1997, 14-15(2)
520 _aReports on construction industry leaders` claims that that the Scheme for Construction Contracts will increase construction disputes, leading to a rise in legal costs and project delays. The scheme is due to come into force in spring 1998.
650 _aMANAGEMENT-DISPUTE AVOIDANCE, MANAGEMENT AND RESOLUTION-DISPUTE MANAGEMENT AND RESOLUTION-ALTERNATIVE DISPUTE RESOLUTION-ADJUDICATION-ADJUDICATORS
650 _aBUILT ENVIRONMENT-BUILDING CONTRACT FORMS
650 _aCONSTRUCTION INDUSTRY
650 _aHOUSING GRANTS CONSTRUCTION AND REGENERATION ACT 1996
650 _aSCHEME FOR CONSTRUCTION CONTRACTS
690 _aBUILT ENVIRONMENT-BUILDING CONTRACT FORMS
942 _n0
948 _c03/10/1997
999 _c51197
_d51197